[Event "Moscow Blondes-Brunettes m 14th"]
[Site "Moscow"]
[Date "2025.03.19"]
[Round "5.3"]
[White "Bivol, Alina"]
[Black "Dorokhina, Elizaveta"]
[Result "1-0"]
[WhiteElo "2358"]
[BlackElo "2134"]
[PlyCount "61"]
[EventDate "2025.03.19"]
[EventType "schev (blitz)"]
[EventRounds "10"]
[EventCountry "RUS"]
[SourceTitle "CB13_2025"]
[SourceDate "2025.03.26"]
[SourceVersion "1"]
[SourceVersionDate "2025.03.26"]
[SourceQuality "1"]
[WhiteTeam "Blondes (W)"]
[BlackTeam "Brunettes (W)"]
[WhiteTeamCountry "RUS"]
[BlackTeamCountry "RUS"]

1. e4 e5 2. Nf3 Nc6 3. Nc3 Nf6 4. g3 Bb4 5. Bg2 0-0 6. 0-0 h6 7. Nd5 Bc5 8. d3 d6 9. h3 a5 10. Kh2 Nxd5 11. exd5 Ne7 12. d4 exd4 13. Nxd4 Nf5 14. c3 Qf6 15. Nb3 Bb6 16. Qf3 a4 17. Nd2 Qg6 18. Nc4 Bc5 19. Bf4 b5 20. Nd2 Ba6 21. Rfe1 Rfe8 22. b4 Bb6 23. Qd3 Qf6 24. Ne4 Qd8 25. Bf3 Ne7 26. Bxh6 Ng6 27. Bg5 Qb8 28. Bg2 f5 29. Nf6+ gxf6 30. Qxf5 Kh7 31. Bxf6 1-0

[Event "Moscow Blondes-Brunettes m 14th"]
[Site "Moscow"]
[Date "2025.03.19"]
[Round "4.3"]
[White "Vasilevich, Irina"]
[Black "Bivol, Alina"]
[Result "1-0"]
[WhiteElo "2234"]
[BlackElo "2358"]
[PlyCount "37"]
[EventDate "2025.03.19"]
[EventType "schev (blitz)"]
[EventRounds "10"]
[EventCountry "RUS"]
[SourceTitle "CB13_2025"]
[SourceDate "2025.03.26"]
[SourceVersion "1"]
[SourceVersionDate "2025.03.26"]
[SourceQuality "1"]
[WhiteTeam "Brunettes (W)"]
[BlackTeam "Blondes (W)"]
[WhiteTeamCountry "RUS"]
[BlackTeamCountry "RUS"]

1. c4 e6 2. Nc3 d5 3. e3 Nf6 4. b3 a6 5. Nf3 Bd6 6. Bb2 0-0 7. Be2 Nc6 8. g4 dxc4 9. g5 Ne8 10. bxc4 e5 11. h4 Bf5 12. Nd5 e4 13. Nh2 Ne5 14. Rb1 c6 15. Nc3 Qd7 16. Qc2 Rd8 17. Nxe4 Bc7 18. Bxe5 Bxe5 19. Nf3 1-0

[Event "EU-Cup (Women) 28th"]
[Site "Vrnjacka Banja"]
[Date "2024.10.25"]
[Round "6.3"]
[White "Batsiashvili, Nino"]
[Black "Bivol, Alina"]
[Result "1/2-1/2"]
[WhiteElo "2467"]
[BlackElo "2345"]
[PlyCount "105"]
[EventDate "2024.10.20"]
[EventType "team-swiss"]
[EventRounds "7"]
[EventCountry "SRB"]
[SourceTitle "CB44_2024"]
[Source "Chessbase"]
[SourceDate "2024.10.30"]
[SourceVersion "1"]
[SourceVersionDate "2024.10.30"]
[SourceQuality "1"]
[WhiteTeam "SuperChess (W)"]
[BlackTeam "Crvena Zvezda (W)"]
[WhiteTeamCountry "ROU"]
[BlackTeamCountry "SRB"]

1. d4 d5 2. c4 e6 3. Nc3 Nf6 4. cxd5 exd5 5. Bg5 Be6 6. e3 Nbd7 7. Bd3 c6 8. f4 h6 9. Bh4 g5 10. Bg3 Bg4 11. Nf3 Ne4 12. Qc2 gxf4 13. Bxf4 Bxf3 14. gxf3 Qh4+ 15. Kf1 Qh3+ 16. Qg2 Qxg2+ 17. Kxg2 Rg8+ 18. Kf1 Nef6 19. Kf2 Nh5 20. Bg3 Nxg3 21. hxg3 Nf6 22. Ne2 0-0-0 23. Rh4 Ne8 24. Rah1 Kc7 25. Nf4 b6 26. Bh7 Rh8 27. Bc2 Rg8 28. Nd3 Nd6 29. Ne5 c5 30. Rf4 cxd4 31. exd4 Bg7 32. Bb3 Nb5 33. Rc1+ Kb7 34. Rxf7+ Ka6 35. Bc2 Nxd4 36. Bd3+ b5 37. Nc6 Rdf8 38. Rxf8 Rxf8 39. f4 Kb6 40. Ne7 Rd8 41. b3 a5 42. Nf5 Nxf5 43. Bxf5 a4 44. bxa4 bxa4 45. Ke2 Re8+ 46. Kd3 Re7 47. g4 a3 48. Rc8 Bb2 49. Rb8+ Kc5 50. Rc8+ Kb6 51. Rb8+ Kc5 52. Rc8+ Kb6 53. Rb8+ 1/2-1/2

[Event "FIDE World Bl Team Pool A"]
[Site "Almaty"]
[Date "2024.08.05"]
[Round "4.17"]
[White "Salimova, Nurgyul"]
[Black "Bivol, Alina"]
[Result "1-0"]
[WhiteElo "2412"]
[BlackElo "2345"]
[PlyCount "73"]
[EventDate "2024.08.05"]
[EventType "team (blitz)"]
[EventRounds "7"]
[EventCountry "KAZ"]
[SourceTitle "CBM 221 Extra"]
[Source "ChessBase"]
[SourceDate "2024.09.30"]
[SourceVersion "1"]
[SourceVersionDate "2024.09.30"]
[SourceQuality "1"]
[WhiteTeam "GMHans.com"]
[BlackTeam "Rookies"]
[WhiteTeamCountry "USA"]

1. d4 d5 2. Nf3 Nf6 3. c4 e6 4. g3 Nc6 5. Bg2 Bd6 6. 0-0 0-0 7. Nbd2 Re8 8. a3 b6 9. Qc2 Bb7 10. b4 e5 11. dxe5 Nxe5 12. Bb2 dxc4 13. Nxc4 Nxf3+ 14. Bxf3 Bxf3 15. exf3 Bf8 16. Rad1 Qe7 17. Ne3 c5 18. Qf5 cxb4 19. axb4 Qe6 20. Qf4 Rad8 21. Rxd8 Rxd8 22. Nf5 Nd5 23. Qg5 f6 24. Qg4 Re8 25. b5 Kh8 26. Rd1 Nc7 27. Nd4 Qc4 28. Qd7 Re7 29. Qd8 Re8 30. Qd7 Re7 31. Qc8 Re8 32. Qb7 Nxb5 33. Qd7 Nd6 34. Nf5 Qb3 35. Rxd6 Re1+ 36. Kg2 Qxb2 37. Qxg7+ 1-0

[Event "FIDE World Rapid Team"]
[Site "Almaty"]
[Date "2024.08.03"]
[Round "6.16"]
[White "Bivol, Alina"]
[Black "Gumularz, Szymon"]
[Result "0-1"]
[WhiteElo "2345"]
[BlackElo "2571"]
[PlyCount "74"]
[EventDate "2024.08.02"]
[EventType "team (rapid)"]
[EventRounds "12"]
[EventCountry "KAZ"]
[SourceTitle "CBM 221 Extra"]
[Source "ChessBase"]
[SourceDate "2024.09.30"]
[SourceVersion "1"]
[SourceVersionDate "2024.09.30"]
[SourceQuality "1"]
[WhiteTeam "Rookies"]
[BlackTeam "Krakow Q4Rail Kingsofchess"]
[BlackTeamCountry "POL"]

1. e4 g6 2. d4 Bg7 3. Nc3 c6 4. g3 d6 5. Nge2 Nf6 6. h3 b5 7. a3 0-0 8. Bg2 e5 9. 0-0 Bb7 10. Be3 Nbd7 11. g4 a5 12. Ng3 b4 13. Nce2 d5 14. dxe5 Nxe5 15. Bc5 Re8 16. axb4 axb4 17. Rxa8 Qxa8 18. Bxb4 dxe4 19. Bc5 Nf3+ 20. Bxf3 exf3 21. Nc3 Qa5 22. b4 Qa3 23. Nb1 Qb2 24. c3 Ba6 25. Re1 Rxe1+ 26. Qxe1 Be2 27. Bd4 Nd5 28. Bxg7 Kxg7 29. Ne4 Qc2 30. Nc5 Nf4 31. Kh2 g5 32. c4 Qg6 33. h4 Qh6 34. Qc3+ f6 35. h5 Nxh5 36. gxh5 Qxh5+ 37. Kg1 Qg4+ 0-1

[Event "FIDE World Rapid Team"]
[Site "Almaty"]
[Date "2024.08.03"]
[Round "8.40"]
[White "Sameh Mohamed, Abdalrahman"]
[Black "Bivol, Alina"]
[Result "0-1"]
[WhiteElo "2259"]
[BlackElo "2345"]
[PlyCount "64"]
[EventDate "2024.08.02"]
[EventType "team (rapid)"]
[EventRounds "12"]
[EventCountry "KAZ"]
[SourceTitle "CBM 221 Extra"]
[Source "ChessBase"]
[SourceDate "2024.09.30"]
[SourceVersion "1"]
[SourceVersionDate "2024.09.30"]
[SourceQuality "1"]
[WhiteTeam "Egypt"]
[BlackTeam "Rookies"]
[WhiteTeamCountry "EGY"]

1. e4 e5 2. Bc4 Nf6 3. d3 c6 4. Nf3 d5 5. Bb3 Bb4+ 6. Bd2 Bxd2+ 7. Qxd2 0-0 8. Nc3 Re8 9. Qg5 h6 10. Qd2 Bg4 11. Qe2 Nh5 12. h3 Nf4 13. Qf1 Bxf3 14. gxf3 Na6 15. a3 Nc5 16. Ba2 Nce6 17. 0-0-0 b5 18. Rg1 Nd4 19. Rg4 a5 20. Nb1 h5 21. Rg3 Nfe2+ 22. Kd2 Nxg3 23. fxg3 Qg5+ 24. f4 Qxg3 25. c3 Qh2+ 26. Ke3 Nc2+ 27. Kf3 Qxf4+ 28. Kg2 Ne3+ 29. Kg1 Nxf1 30. Rxf1 Qg3+ 31. Kh1 Re6 32. exd5 Rg6 0-1

[Event "RUS-chT (Women)"]
[Site "Sochi"]
[Date "2024.05.06"]
[Round "5.3"]
[White "Nechaeva, Marina"]
[Black "Bivol, Alina"]
[Result "1-0"]
[WhiteElo "2364"]
[BlackElo "2354"]
[PlyCount "45"]
[EventDate "2024.05.01"]
[EventType "team-swiss"]
[EventRounds "9"]
[EventCountry "RUS"]
[SourceTitle "CBM 220 Extra"]
[Source "ChessBase"]
[SourceDate "2024.07.31"]
[SourceVersion "1"]
[SourceVersionDate "2024.07.31"]
[SourceQuality "1"]
[WhiteTeam "Sverdlovsk Region (W)"]
[BlackTeam "Moscow ShSM (W)"]
[WhiteTeamCountry "RUS"]
[BlackTeamCountry "RUS"]

1. d4 d5 2. c4 e6 3. Nc3 Nf6 4. cxd5 exd5 5. Bg5 Be7 6. e3 h6 7. Bh4 Bg4 8. Qc2 0-0 9. h3 Bh5 10. Bxf6 Bxf6 11. Qf5 Bg6 12. Qxd5 Qe7 13. Qxb7 Nd7 14. Bb5 Nb6 15. Nf3 Qb4 16. 0-0 Qxb2 17. Qc6 a6 18. Bc4 Rfd8 19. Nd5 Nxd5 20. Bxd5 Rac8 21. Rfc1 Bd3 22. Bb3 Qa3 23. Qc3 1-0

[Event "RUS-chT (Women)"]
[Site "Sochi"]
[Date "2024.05.01"]
[Round "1.3"]
[White "Iudina, Veronika"]
[Black "Bivol, Alina"]
[Result "1/2-1/2"]
[WhiteElo "1942"]
[BlackElo "2354"]
[PlyCount "93"]
[EventDate "2024.05.01"]
[EventType "team-swiss"]
[EventRounds "9"]
[EventCountry "RUS"]
[SourceTitle "CBM 220 Extra"]
[Source "ChessBase"]
[SourceDate "2024.07.31"]
[SourceVersion "1"]
[SourceVersionDate "2024.07.31"]
[SourceQuality "1"]
[WhiteTeam "St Petersburg SSHOR (W) II"]
[BlackTeam "Moscow ShSM (W)"]
[WhiteTeamCountry "RUS"]
[BlackTeamCountry "RUS"]

1. e4 e5 2. Nf3 Nc6 3. Bb5 a6 4. Ba4 Nf6 5. d3 d6 6. c3 Bd7 7. 0-0 g6 8. Re1 Bg7 9. Nbd2 0-0 10. Nf1 h6 11. d4 b5 12. dxe5 Nxe5 13. Nxe5 dxe5 14. Bb3 Qe7 15. Ne3 c6 16. f3 Rfd8 17. Qe2 Be8 18. Bd2 h5 19. Rad1 Kh7 20. Bc1 Bh6 21. Rxd8 Rxd8 22. Rd1 Rxd1+ 23. Qxd1 Qa7 24. Kf2 Nd7 25. Qd6 Qc5 26. Qxc5 Nxc5 27. Bc2 Bd7 28. b3 Ne6 29. a4 Bf8 30. axb5 axb5 31. b4 Kg7 32. Bb3 Kf6 33. Nd1 c5 34. Bxe6 Bxe6 35. Ba3 c4 36. Bc1 Ke7 37. h3 f5 38. Bg5+ Kf7 39. Ne3 Bd6 40. g4 f4 41. Nd1 Bc7 42. Kg2 Bd7 43. Bh4 Bc6 44. Bg5 Bb6 45. Kf1 Ke6 46. Bh4 Bc7 47. Bg5 1/2-1/2